Biggest countries of Europe - Statistics

General Stats
  • This quiz has been taken 22 times
  • The average score is 13 of 15
Answer Stats
Hint Answer % Correct
3.960.000km Russia
100%
338.100km Finland
95%
551.700km France
95%
357.400km Germany
95%
301.300km Italy
95%
385.200km Norway
95%
312.700km Poland
95%
498.500km Spain
95%
450.300km Sweden
95%
603.500km Ukraine
89%
131.900km Greece
84%
238.400km Romania
84%
207.600km Belarus
74%
110.900km Bulgaria
74%
242.500km United Kingdom
42%
No matching quizzes found
Score Distribution
Percent of People with Each Score
Percentile by Number Answered
Your Score History
You have not taken this quiz